| 000 | 00365nam a2200145Ia 4500 | ||
|---|---|---|---|
| 008 | 180730s9999||||xx |||||||||||||| ||und|| | ||
| 020 | _a9789352533329 | ||
| 082 |
_a330 _bAHU/ A |
||
| 100 | _aAhuja, H.L. | ||
| 245 | 0 | _aAdvanced Economic theory Microeconomic Analysis | |
| 250 | _a21st | ||
| 260 |
_aNew Delhi _bS. Chand & Co. _c2017 |
||
| 300 | _a1347 | ||
| 942 | _cBK | ||
| 999 |
_c161 _d161 |
||